Технологическая обработка текстильных изделий. Ч. 2 (Запись № 12220551)
[ простой вид ]
| 000 -МАРКЕР | |
|---|---|
| контрольное поле | 02373nam2a2200289 i 4500 |
| 001 - ИДЕНТИФИКАТОР ЗАПИСИ | |
| контрольное поле | RU\NLR\BIBL_A\011261912 |
| 005 - ИДЕНТИФИКАТОР ВЕРСИИ | |
| контрольное поле | 20241102002821.0 |
| 010 ## - МЕЖДУНАРОДНЫЙ СТАНДАРТНЫЙ НОМЕР КНИГИ (ISBN) | |
| Номер (ISBN) | 9785994817636 |
| Уточнения | ч. 2 |
| Тираж | 70 |
| 021 ## - НОМЕР ГОСУДАРСТВЕННОЙ РЕГИСТРАЦИИ | |
| Код страны | Российская Федерация |
| Номер | 2016-80413 |
| Номер Листа государственной регистраци | 5251 |
| 035 ## - ДРУГИЕ СИСТЕМНЫЕ НОМЕРА | |
| Идентификатор записи | (NLR Aleph) 011261912 |
| 100 ## - ДАННЫЕ ОБЩЕЙ ОБРАБОТКИ | |
| Данные общей обработки | 20161103d2015 u y0rusy50 ca |
| 101 0# - ЯЗЫК РЕСУРСА | |
| Язык текста, звукозаписи и т.д. | русский |
| 102 ## - СТРАНА ПУБЛИКАЦИИ ИЛИ ПРОИЗВОДСТВА | |
| Страна публикации | Российская Федерация |
| 105 ## - ПОЛЕ КОДИРОВАННЫХ ДАННЫХ: ТЕКСТОВЫЕ МАТЕРИАЛЫ, МОНОГРАФИЧЕСКИЕ | |
| Кодированные данные о монографическом текстовом документе | a|||j|||000zy |
| 200 0# - ЗАГЛАВИЕ И СВЕДЕНИЯ ОБ ОТВЕТСТВЕННОСТИ | |
| Основное заглавие | Ч. 2 |
| 210 ## - ПУБЛИКАЦИЯ, РАСПРОСТРАНЕНИЕ И ДР. | |
| Дата издания, распространения и т.д. | 2015 |
| 215 ## - ФИЗИЧЕСКАЯ ХАРАКТЕРИСТИКА | |
| Специфическое обозначение материала и объем | 146 с. |
| Другие сведения о физической характеристике | ил. |
| 313 ## - ПРИМЕЧАНИЯ, ОТНОСЯЩИЕСЯ К ТЕМАТИЧЕСКОМУ ДОСТУПУ | |
| Текст примечания | Ткачество |
| 320 ## - ПРИМЕЧАНИЯ О НАЛИЧИИ В ДОКУМЕНТЕ БИБЛИОГРАФИИ / УКАЗАТЕЛЯ | |
| Текст примечания | Библиогр.: с. 144 (12 назв.) |
| 461 #0 - УРОВЕНЬ НАБОРА | |
| Встроенное поле | 001RU\NLR\BIBL_A\011286234 |
| -- | 2001#$aТехнологическая обработка текстильных изделий$eучебное пособие$eдля образовательных учреждений среднего профессионального образования Волгоградской области$e[для студентов специальности 29.02.05]$eв 3 ч.$fТ.Л. Фефелова, С.Ю. Бойко, В.Ю. Романов$gМинобрнауки России, Федер. гос. бюджет. образоват. учреждение высш. образования "Волгоград. гос. техн. ун-т", Камышин. технол. ин-т (фил.) федер. гос. бюджет. образоват. учреждения высш. образования "Волгоград. гос. техн. ун-т"$vЧ. 2 |
| -- | 700#1$aФефелова$bТ. Л.$gТатьяна Леонидовна |
| Системный номер (АБИС) связанной записи | 10895448 |
| Автор | Фефелова, Т. Л. |
| Место публикации | Волгоград |
| Дата публикации | 2015 |
| Первые сведения об ответственности | Т.Л. Фефелова, С.Ю. Бойко, В.Ю. Романов |
| Имя издателя, распространителя и т.д. | ВолгГТУ |
| Сведения, относящиеся к заглавию | учебное пособие : для образовательных учреждений среднего профессионального образования Волгоградской области : [для студентов специальности 29.02.05] : в 3 ч. |
| Заглавие | Технологическая обработка текстильных изделий |
| ISBN | 9785994817629 |
| Номер тома | Ч. 2 |
| 606 ## - НАИМЕНОВАНИЕ ТЕМЫ КАК ПРЕДМЕТ | |
| Наименование темы | Ткацкое производство |
| Формальный подзаголовок | Учебные издания для среднего профессионального образования |
| Системный номер авторитетной/нормативной записи | 1096471 |
| Идентификатор авторитетной/нормативной записи | RU\NLR\AUTH\66111635 |
| 686 1# - ИНДЕКСЫ ДРУГИХ КЛАССИФИКАЦИЙ | |
| Индекс | М304я723-1 |
| 942 ## - ДОПОЛНИТЕЛЬНЫЕ ЭЛЕМЕНТЫ ЗАПИСИ (АБИС) | |
| Тип экземпляра АБИС | Книга |
| 980 ## - КОЛЛЕКЦИЯ | |
| Название коллекции | НБР |
Нет доступных экземпляров.